| 000 | 01503nam2a22002411 4500 | ||
|---|---|---|---|
| 001 | rc\2329405 | ||
| 005 | 20250622233156.0 | ||
| 035 | _a(NLR Aleph) 006472669 | ||
| 090 |
_a5951408 _c5951408 |
||
| 100 | _a20110829d1980 |||y0rusy50 ca | ||
| 101 | 0 | _arus | |
| 102 | _aRU | ||
| 105 | _ay z ||||| | ||
| 200 | 0 | _a... № 32 | |
| 210 |
_d1980 _aБ. м. |
||
| 215 | _a137 с. | ||
| 333 | _aДСП | ||
| 461 | 0 |
_1001rc\2329399 _12001#$aПеречень новых машин, по которым приняты решения о постановке на производство$fВсесоюз. объединение "Союзсельхозтехника" Совета Министров СССР. Гл. упр. заказов, испытания и внедрения новой техники с инспекцией по контролю за качеством машин$v... № 32 _95951349 _cМосква _d1977 _fВсесоюз. объединение "Союзсельхозтехника" Совета Министров СССР. Гл. упр. заказов, испытания и внедрения новой техники с инспекцией по контролю за качеством машин _nБ. и. _tПеречень новых машин, по которым приняты решения о постановке на производство _v... № 32 |
|
| 801 | 0 |
_aRU _bNLR _gpsbo |
|
| 801 | 1 |
_aRU _bELAR _2rusmarc |
|
| 852 |
_aNLR _j77-50К/2119 |
||
| 942 | _cBOOK | ||
| 980 | _aNB | ||